Calibración de modelos estructurales y estudio del comportamiento dinámico para puentes de vigas de acero compuestas y continuas de 3 tramos
Збережено в:
| Автор: | |
|---|---|
| Інші автори: | |
| Формат: | Книга |
| Мова: | Spanish |
| Опубліковано: |
[San José], Costa Rica,
2018.
|
| Предмети: | |
| Теги: |
Додати тег
Немає тегів, Будьте першим, хто поставить тег для цього запису!
|
MARC
| LEADER | 00000nam a22000007a 4500 | ||
|---|---|---|---|
| 003 | 012963 | ||
| 005 | 20230531143039.0 | ||
| 008 | 181106b2018 cr a|||| |m|| 00| ||spa d | ||
| 040 | |c cru CEDI | ||
| 100 | |9 638 |a Durán Bolaños, Moisés Felipe, 1995- | ||
| 245 | |a Calibración de modelos estructurales y estudio del comportamiento dinámico para puentes de vigas de acero compuestas y continuas de 3 tramos | ||
| 260 | |a [San José], Costa Rica, |c 2018. | ||
| 500 | |a Proyecto de graduación (licenciatura en ingeniería civil)--Universidad de Costa Rica. Facultad de Ingeniería. Escuela de Ingeniería Civil | ||
| 501 | |a Director de proyecto de Graduación: Ing. Yi Cheng Liu Kuan, M.Sc. | ||
| 650 | |x PUENTES - EVALUACION - METODOS |x CALIBRACION - PRUEBAS |x ANALISIS ESTRUCTURAL (INGENIERIA) |x PUENTES - COSTA RICA |x INGENIERÍA DE ESTRUCTURAS |x VIGAS |9 14558 | ||
| 700 | |9 452 |a Liu Kuan, Yi Cheng, 1984- |d Director del TFG | ||
| 942 | |c CEDI |h TFG 8114 |6 TFG_8114_000000000000000 | ||
| 999 | |c 21115 |d 21115 | ||
